000 00284nam a22001097a 4500
245 _aThe Qanun-e-Shahadat Order, (X of 1984):
_bBook No,29 /
_cBare Act
260 _aKarachi :
_bPakistan Law House,
_cN.A.
300 _a74 p.
563 _aPB.
650 _aLaw
_935302
942 _2ddc
_cBK
999 _c613450
_d613450